Les clips d’ABBA - Statistiques

Statistiques générales
  • Ce quiz a été pris 7 fois
  • Le résultat moyen est 9 sur 14
Statistiques - réponses
Par images Réponse % Correct
Dancing queen
100%
The winner takes it all
100%
Waterloo
100%
Gimme gimme gimme
80%
Voulez-vous
80%
Fernando
60%
Mamma Mia
60%
Money money money
60%
SOS
60%
Chiquitita
40%
Happy new year
40%
Super Trouper
40%
Take a chance on me
40%
Thank you for the music
40%
Aucun quiz correspondant
Distribution des résultats
% des personnes avec chaque résultat
Percentile par nombre de réponses
Votre historique - résultats
Vous n’avez pas pris ce quiz